Αντιπυραυλική άμυνα : η πρόκληση της υπερδύναμης
Αποθηκεύτηκε σε:
| Κύριος συγγραφέας: | |
|---|---|
| Μορφή: | Βιβλίο |
| Γλώσσα: | Greek |
| Δημοσίευση: |
Αθήνα :
ΙΑΑ,
2001
|
| Σειρά: | Θέματα πολιτικής και άμυνας ;
; 11 |
| Θέματα: | |
| Ετικέτες: |
Προσθήκη ετικέτας
Δεν υπάρχουν, Καταχωρήστε ετικέτα πρώτοι!
|
MARC
| LEADER | 00000cam a2200000 i 4500 | ||
|---|---|---|---|
| 001 | 1/58289 | ||
| 008 | 020213s2001 gre d | ||
| 020 | |a 960-8124-15-8 (set) | ||
| 020 | |a 960-8124-01-8-Χ | ||
| 035 | |l 10000306 | ||
| 040 | |a GR-MY-UA |b gre |e aacr | ||
| 041 | 0 | |a gre | |
| 082 | 0 | |a 358.1740973 | |
| 100 | 1 | |a Χατζηαντωνίου, Κατερίνα. | |
| 245 | 1 | 0 | |a Αντιπυραυλική άμυνα : |b η πρόκληση της υπερδύναμης / |c Κατερίνα Χατζηαντωνίου |
| 260 | |a Αθήνα : |b ΙΑΑ, |c 2001 | ||
| 300 | |a 71 σ.; |b εικ.; |c 24 εκ. | ||
| 490 | 1 | |a Θέματα πολιτικής και άμυνας |v ; 11 |x 1108-9458 | |
| 650 | 0 | 0 | |a Ballistic missile defence |z United States. |
| 651 | 0 | |a United States |x Military policy. | |
| 830 | 0 | |a Θέματα πολιτικής και άμυνας ; |v ; 11 | |
| 852 | |a INST |b CHIOS |e 20020402 |h 358.1740973 XAT |p 005200019856 |q 005200019856 |t BK |y 0 | ||
| 852 | |a INST |b CHIOS |e 20020402 |h 358.1740973 XAT |p 005200020994 |q 005200020994 |t BK |y 0 | ||
| 852 | |a INST |b LESVOS |e 20020213 |h 358.1740973 ΧΑΤ |p 005100028370 |q 005100028370 |t BK |y 0 | ||
| 852 | |a INST |b LESVOS |e 20060629 |h 358.1740973 ΧΑΤ |p 005100037190 |q 005100037190 |t BK |y 0 | ||
| 852 | |a INST |b RHODES |e 20120525 |h 358.1740973 XAT |p 005400034394 |q 005400034394 |t BK |y 0 | ||
| 852 | |a INST |b SAMOS |e 20020221 |h 358.1740973 XAT |p 005300020335 |q 005300020335 |t BK |y 0 | ||
| 901 | |a BIBL4-2012-2 | ||
| 901 | |a BIBL3-2002-1 | ||
| 901 | |a BIBL1-2002-1 | ||
| 901 | |a BIBL2-2002-1 | ||
| 901 | |a BIBL1-2006-2 | ||
| 909 | |a Ρ |b 171029 | ||
| 909 | |a Σ |b 087254 | ||
| 909 | |a Λ |b 100762 | ||
| 909 | |a Λ |b 128682 | ||
| 909 | |a Χ |b 083904 | ||
| 909 | |a Χ |b 099704 | ||
| 970 | |a ΜΟΥΣΤΑΚΑ |b ΠΗΝΕΛΟΠΗ |z 2002/02/13 | ||